Представление документа в формате MARC21

Поле Инд. ПП Название Значение
Тип записи a
Библиографический уровень a
001 Контрольный номер c900736d5aa74bbb98e098004dc1a7d1
005 Дата корректировки 20180919125751.3
040 a Служба первич. каталог. НБ ТвГУ
b Код языка каталог. rus
e Правила каталог. PSBO
041 0_ a Код языка текста rus
097 b Оператор raenko
098 b Факультет Географии и геоэкологии
c Кафедра Физической географии и экологии
100 1_ a Автор Чернышова Е. Ю.
q Полное имя Чернышова Е. Ю.
245 10 a Заглавие "Зеленый" каркас в генеральном плане развития города Твери
260 a Место издания Тверь
b Издательство Тверской государственный университет
504 a Библиография Библиогр.: с. 60 (2 назв.)
520 0_ a Аннотация «Зеленый» каркас – это система взаимосвязанных, наиболее экологически важных участков природных комплексов, от которых зависит поддержание устойчивого равновесия в городе. Как подчеркивает автор статьи, создание единого, целостного каркаса зеленых насаждений в городе является наиболее эффективным способом достижения высокого качества городской среды
653 0_ a Ключевые слова Экология
a Ключевые слова Экология города
a Ключевые слова Зеленые зоны Твери
a Ключевые слова Зеленые насаждения
a Ключевые слова Городская среда
a Ключевые слова План развития города
a Ключевые слова Труды Тверского государственного университета
773 18 w Контрольный № источника c39a64068aa840e09dfaf0560f662db6
t Название источника География, экология, туризм: научный поиск студентов и аспирантов
d Место и дата издания Тверь : Тверской государственный университет, 2014
g Прочая информация С. 56 - 60
901 t Тип документа a
920 a Оператор Раен